000 00196nam a2200085 4500
001 1256668
005 20260102114540.0
245 _aÜNSÜZ YOUTUBERIN GÜNLÜĞÜ
_cMİYASE SERTBARUT
260 _bALTIN
999 _c1256668
_d1256668